Statistiques concernant Culture Générale - Série 1280

Cliquez ici pour prendre le quiz!

Statistiques générales

  • Ce quiz a été pris 53 fois
  • Le résultat moyen est 6 sur 10

Statistiques - réponses

QuestionRéponse% Correct
À quelle île la « botte » de l'Italie donne-t-elle un coup de pied ?Sicile
94%
Quel pays étroit s'étend sur plus de la moitié de la côte ouest de l'Amérique du Sud ?Chili
90%
Près de quelle ville la base de lancement des fusées Ariane est-elle installée ?Kourou
78%
Avec quel chanteur Laeticia Boudou a-t-elle adopté Jade en 2005, puis Joy en 2009 ?Johnny Hallyday
78%
Quelle ville indienne s'appelait autrefois Bombay ?Mumbai
53%
Avec quel animateur fallait-il faire "Attention à la marche" ?Jean-Luc Reichmann
53%
• Que signifie le mot « Oc » dans l'expression « langue d'Oc » qui a donné son nom au Languedoc ?oui
45%
À quel pays appartient l'île nommée Seeland ?Danemark
43%
En France, dans quelle ville se déroule chaque année la Fête de l'Humanité ?La Courneuve
20%
Quelle mairie la ligne 4 du métro parisien permet-elle d'atteindre depuis 2013 ?mairie de Montrouge
16%

Distribution des résultats

Percentile par nombre de réponses

% des personnes avec chaque résultat

Votre développement - résultats

Vous n’avez pas pris ce quiz